Municipios de la Costa Brava - Estadísticas

Estadísticas generales
  • Esta prueba ha sido intentada 13 veces
  • La puntuación promedio es 17 de 22
Estadísticas de respuestas
Respuesta % Correcto
Blanes
100%
Begur
92%
Cadaqués
92%
Calonge i Sant Antoni
92%
Lloret de Mar
92%
Sant Feliu de Guíxols
92%
Castell-Platja d'Aro
83%
L'Escala
83%
Palafrugell
83%
Palamós
83%
Pals
83%
Santa Cristina d'Aro
83%
Llançà
75%
Tossa de Mar
75%
Castelló d'Empúries
67%
Portbou
67%
Roses
67%
Torroella de Montgrí
67%
El Port de la Selva
58%
Colera
50%
Sant Pere Pescador
50%
Mont-ras
33%
No se encontraron pruebas coincidentes
Distribución de puntuación
Porcentaje de gente con cada puntuación
Porcentaje por número respondido
Historial de tus puntuaciones
No has intentado esta prueba.